| 000 | 01918nam a2200313 i 4500 | ||
|---|---|---|---|
| 003 | CSPC | ||
| 005 | 20260413101601.0 | ||
| 008 | 260407s2024 ii a 001 0 eng d | ||
| 020 | _a9789374735794 | ||
| 040 |
_aCSPC _beng _cCSPC _erda |
||
| 050 | 0 | 0 |
_aRT73 _b.S273 2024 |
| 082 | 0 | 4 |
_a610.73071 _bSa714n |
| 100 | 1 |
_aSaran, Kulvinder Johal, _eauthor. |
|
| 245 | 0 | 0 |
_aNursing education / _cKulvinder Johal Saran. |
| 246 | 3 |
_aNursing education : _b(as per INC syllabus) |
|
| 264 | 1 |
_aKrishan, Nagar, Delhi : _bAITBS Publishers, India, _bMedical Publishers, _c2024. |
|
| 300 |
_axii, 231 pages : _billustrations ; _c24 cm. |
||
| 336 |
_2rdacontent _atext |
||
| 337 |
_2rdamedia _aunmediated |
||
| 338 |
_2rdacarrier _avolume |
||
| 500 | _aIncludes index. | ||
| 505 | 0 | _aIntroduction to education -- Teaching-learning process -- Methods of teaching -- Educational media -- Methods of assessment -- Management of school of nursing -- Guidance and counselling -- In-service education. | |
| 520 | _a"This book is based on course and curricula of nursing students. This first edition this book is written in view to special use of educational technology in nursing education. This book is designed to provide nursing students with the knowledge and skill they need to become competent nurse. This book contains 8 units that are specially help the nursing students in this present scenario of high-tech learning. This book is teemed with many illustrations, flow charts and diagrams for better understanding of subject matter. Every attempt has been made to maintain simplicity and lucidity of language and style"-- Back cover. | ||
| 650 | 0 |
_aNursing _xStudy and teaching. |
|
| 650 | 0 |
_aNursing _xCurricula. |
|
| 650 | 2 | _aEducation, Nursing. | |
| 942 |
_2ddc _n0 _cBK _h610.73071 _iSa714n _kGRD _m2024 |
||
| 999 |
_c32228 _d32228 |
||